| 000 | 01287cam a2200313 4500 | ||
|---|---|---|---|
| 008 | 031013n2003 000 0 eng u | ||
| 020 | _a0860226263 | ||
| 035 | _a(Sirsi) u123907 | ||
| 041 | _aeng | ||
| 050 |
_a697 _c18 |
||
| 245 |
_aRules of thumb _bguidelines for building services |
||
| 250 | _a4th ed. | ||
| 260 |
_aLondon _bBSIRA _c2003 |
||
| 300 |
_a63p. _c30cm. |
||
| 350 | _a45 | ||
| 490 |
_aBSRIA Building Guide _v14/2003 |
||
| 520 | _aThe fourth edition of the "Technical Note TN 17/95: Rules of thumb" is aimed at those involved in the early stages of designing a building and its services. Brings together rules of thumb for space and weight allowances, equipment and solar loads, comfort factors, system features, energy and carbon issues, electrical systems and cost data. References. | ||
| 650 |
_aBlock management _96220 |
||
| 650 | _aPLANT AND MACHINERY | ||
| 650 | _aBUILT ENVIRONMENT-BUILDING ELEMENTS-COMPLETE BUILDING SERVICES ELEMENTS-COMPLETE HEATING, VENTILATION AND AIR CONDITIONING SYSTEMS | ||
| 650 | _aSPACE REQUIREMENTS | ||
| 650 | _aELECTRICAL LOADS | ||
| 650 | _aVENTILATION | ||
| 650 | _aTHERMAL LOADS | ||
| 650 | _aBUILDING SERVICES COSTS | ||
| 690 |
_aBlock management _96220 |
||
| 700 |
_aPennycook, Kevin _xEditor |
||
| 942 | _n0 | ||
| 999 |
_c103120 _d103120 |
||